Liberalización del comercio exterior como determinante del crecimiento económico (Registro nro. 18254)

Detalles MARC
000 -LEADER
fixed length control field 00412 a2200109 4500
001 - CONTROL NUMBER
control field ART_15604
005 - DATE AND TIME OF LATEST TRANSACTION
control field 20260410161735.0
008 - FIXED-LENGTH DATA ELEMENTS--GENERAL INFORMATION
fixed length control field 260409a
100 1# - MAIN ENTRY--PERSONAL NAME
Personal name Wajchman, Mauricio
245 10 - TITLE STATEMENT
Title Liberalización del comercio exterior como determinante del crecimiento económico
773 0# - HOST ITEM ENTRY
Title Ejecutivos de finanzas
Related parts Contratos laborales sin indemnización - Año 12, Nº 128 (ago. 1996)
Record control number REV2863

No hay ítems disponibles.